[Event "?"]
[Site "?"]
[Date "2020.01.02"]
[Round "1.1"]
[White "Sedlak, Nikola"]
[Black "Dorst, Johannes"]
[Result "1-0"]
[WhiteElo "2563"]
[BlackElo "2222"]
[PlyCount "123"]
[EventDate "2020.??.??"]
[WhiteTeam "SV Deggendorf"]
[BlackTeam "SK Marburg"]

1. d4 Nf6 2. Nf3 c5 3. d5 b5 4. c3 Bb7 5. e4 Nxe4 6. Bxb5 g6 7. O-O Bg7 8. Re1
Nd6 9. Bf1 O-O 10. Bg5 f6 11. Bf4 Nf7 12. c4 e5 13. dxe6 dxe6 14. Qxd8 Nxd8 15.
Bd6 Rf7 16. Bxc5 Nd7 17. Ba3 Bxf3 18. gxf3 Nc6 19. Rd1 f5 20. Nc3 Nd4 21. Nb5
Nxf3+ 22. Kh1 Nde5 23. Bg2 g5 24. Bd6 g4 25. Rac1 Rc8 26. c5 Nc6 27. Bxf3 gxf3
28. Bf4 Bxb2 29. Rc2 Bg7 30. Nd6 Rd8 31. Rg1 Rfd7 32. Rc3 e5 33. Bg5 Rf8 34.
Rxf3 f4 35. Bh6 Kh8 36. Rxg7 Rxg7 37. Bxg7+ Kxg7 38. Kg2 Kf6 39. Rh3 Rg8+ 40.
Kf3 Rg1 41. Rxh7 Ke6 42. Nb5 Kd5 43. Nc3+ Kc4 44. Ne2 Rg6 45. h4 Kxc5 46. h5
Rd6 47. h6 Nd4+ 48. Nxd4 exd4 49. Rc7+ Kb4 50. h7 Rh6 51. Ke4 a5 52. Kxd4 a4
53. Ke4 Rh4 54. f3 Ka3 55. Ra7 Kxa2 56. Rxa4+ Kb3 57. Ra7 Kc4 58. Rc7+ Kb5 59.
Kf5 Kb6 60. Rg7 Kc6 61. Kg5 Rh3 62. Rg6+ 1-0

[Event "?"]
[Site "?"]
[Date "2020.01.02"]
[Round "1.2"]
[White "Lederle, Vitus"]
[Black "Schröder, Jan-Christian"]
[Result "0-1"]
[WhiteElo "2220"]
[BlackElo "2553"]
[PlyCount "46"]
[EventDate "2020.??.??"]
[WhiteTeam "SC Dillingen"]
[BlackTeam "SF 1903 Berlin"]

1. Nf3 d5 2. e3 Nf6 3. c4 e6 4. Nc3 Bd6 5. b3 O-O 6. Bb2 b6 7. Qc2 c5 8. cxd5
exd5 9. Ng5 g6 10. h4 Nc6 11. a3 Bf5 12. d3 Rc8 13. Be2 Nd4 14. Qd1 Nxe2 15.
Qxe2 Re8 16. O-O-O h6 17. Nf3 d4 18. Nb5 Bb8 19. a4 dxe3 20. fxe3 Bf4 21. Rhe1
Rxe3 22. Qxe3 Bxe3+ 23. Rxe3 Nd5 0-1

[Event "?"]
[Site "?"]
[Date "2020.01.02"]
[Round "1.3"]
[White "Vorobiov, Evgeny E"]
[Black "Lorscheid, Gerhard"]
[Result "1-0"]
[WhiteElo "2535"]
[BlackElo "2218"]
[PlyCount "69"]
[EventDate "2020.??.??"]
[WhiteTeam "SF 90 Spraitbach"]
[BlackTeam "TSV Schönaich"]

1. d4 d6 2. Nf3 Nf6 3. c4 Nbd7 4. Nc3 e5 5. e4 Be7 6. Be2 c6 7. O-O a6 8. Qc2
Qc7 9. a3 b5 10. b4 O-O 11. Bb2 exd4 12. Nxd4 Ne5 13. cxb5 cxb5 14. Qd2 Bd7 15.
f4 Nc4 16. Bxc4 bxc4 17. Rae1 Qb7 18. Kh1 Rfe8 19. Re3 Bf8 20. Rfe1 Rad8 21. h3
Nh5 22. Qf2 Nf6 23. Qe2 Rc8 24. Kh2 Qb6 25. Qd2 Rcd8 26. g4 Qb8 27. Qe2 Rc8 28.
g5 d5 29. gxf6 Qxf4+ 30. Kh1 dxe4 31. fxg7 Bd6 32. Rf1 Qh4 33. Nf5 Bxf5 34.
Rxf5 Bf4 35. Rxf4 1-0

[Event "?"]
[Site "?"]
[Date "2020.01.02"]
[Round "1.4"]
[White "Stock, Jörg"]
[Black "Burmakin, Vladimir"]
[Result "1/2-1/2"]
[WhiteElo "2214"]
[BlackElo "2519"]
[PlyCount "60"]
[EventDate "2020.??.??"]
[WhiteTeam "SV Hellern"]
[BlackTeam "SF 90 Spraitbach"]

1. e4 d5 2. exd5 Qxd5 3. Nc3 Qd6 4. d4 Nf6 5. Nf3 c6 6. Ne5 Nbd7 7. Nc4 Qc7 8.
Qf3 Nb6 9. Bf4 Qd8 10. Be5 Be6 11. Ne3 Nbd5 12. Be2 Nxe3 13. Qxe3 Bf5 14. O-O-O
Nd5 15. Nxd5 Qxd5 16. Kb1 e6 17. g4 Bg6 18. h4 h6 19. Bd3 Bxd3 20. Qxd3 O-O-O
21. Qe2 Qd7 22. h5 Rg8 23. f3 Bd6 24. c4 Qe7 25. Rd3 Bxe5 26. Qxe5 Rd7 27. Rhd1
Qf6 28. Kc2 Qe7 29. a3 Qd8 30. d5 exd5 1/2-1/2

[Event "?"]
[Site "?"]
[Date "2020.01.02"]
[Round "1.5"]
[White "Orlov, Andrey"]
[Black "Ermitsch, Michael"]
[Result "1-0"]
[WhiteElo "2510"]
[BlackElo "2210"]
[PlyCount "87"]
[EventDate "2020.??.??"]
[WhiteTeam "Düsseldorfer SK"]
[BlackTeam "SC Oranienburg"]

1. e4 c5 2. Nf3 e6 3. g3 Nc6 4. Bg2 Qc7 5. O-O Nf6 6. Qe2 d6 7. c3 e5 8. Na3 a6
9. Nc2 Be7 10. d4 cxd4 11. cxd4 O-O 12. d5 Nb8 13. b3 Bd7 14. Na3 b5 15. Bd2
Rc8 16. Ne1 Bg4 17. f3 Qc5+ 18. Qf2 Qxf2+ 19. Kxf2 Bd7 20. Nd3 Bd8 21. Be3 a5
22. Rfc1 Na6 23. Bf1 Kf8 24. Nb2 Rcb8 25. Nd3 Bb6 26. h3 Ke7 27. Bxb6 Rxb6 28.
Ke3 g5 29. Be2 Ne8 30. g4 Nec7 31. h4 h6 32. Rh1 Rbb8 33. hxg5 hxg5 34. Rh5 Rg8
35. Rc1 Rg7 36. Kd2 f6 37. Nc2 Be8 38. Rh6 Bg6 39. Ne3 Kf7 40. Rc6 Ke7 41. a3
Kd7 42. a4 bxa4 43. Nc4 Ne8 44. Nb6+ 1-0

[Event "?"]
[Site "?"]
[Date "2020.01.02"]
[Round "1.6"]
[White "Humburg, Philipp"]
[Black "Iniyan, Panneer Selvam"]
[Result "0-1"]
[WhiteElo "2209"]
[BlackElo "2494"]
[PlyCount "68"]
[EventDate "2020.??.??"]
[WhiteTeam "SK Vellmar"]

1. c4 Nf6 2. Nc3 g6 3. d4 Bg7 4. e4 d6 5. h3 O-O 6. Be3 e5 7. d5 Na6 8. g4 Nc5
9. Qc2 a5 10. Nge2 c6 11. Ng3 cxd5 12. cxd5 Bd7 13. g5 Ne8 14. Bb5 a4 15. Qe2
Nc7 16. Bxd7 Qxd7 17. Kf1 b5 18. Kg2 b4 19. Nb1 Nb5 20. Bxc5 dxc5 21. Nd2 f6
22. gxf6 Rxf6 23. Qe3 Raf8 24. Raf1 Nd4 25. Ne2 Bh6 26. Qxh6 Nxe2 27. Qg5 Nf4+
28. Kg3 Qb5 29. f3 Qd3 30. Rf2 c4 31. Qxe5 c3 32. bxc3 bxc3 33. Nb1 Ne2+ 34.
Kg2 c2 0-1

[Event "?"]
[Site "?"]
[Date "2020.01.02"]
[Round "1.7"]
[White "Yankelevich, Lev"]
[Black "Heimrath, Reiner"]
[Result "1-0"]
[WhiteElo "2483"]
[BlackElo "2206"]
[PlyCount "93"]
[EventDate "2020.??.??"]
[WhiteTeam "SG Speyer-Schwegenheim"]
[BlackTeam "SC Noris-Tarrasch Nürnberg"]

{[%evp 0,93,20,20,30,-16,66,39,40,44,44,12,10,12,27,28,46,26,32,29,75,30,62,69,
43,82,95,29,106,113,124,91,89,96,94,95,100,115,136,88,92,12,34,43,74,41,62,60,
91,103,146,173,185,191,194,118,117,115,114,70,64,68,96,0,95,14,87,0,303,150,
150,77,77,0,18,-12,61,0,197,-220,-228,-362,-132,-132,-132,-154,-130,-122,0,-8,
0,0,0,22,623,677]} 1. d4 Nf6 2. c4 g6 3. Nc3 Bg7 4. e4 d6 5. f3 O-O 6. Be3 e5
7. d5 c6 8. Qd2 cxd5 9. cxd5 Ne8 10. g4 Qh4+ 11. Bf2 Qe7 12. h4 Na6 13. O-O-O
Nac7 14. h5 Bd7 15. Be3 b5 16. Kb1 b4 17. Nce2 a5 18. Ng3 Bb5 19. Rh3 Rb8 20.
Bh6 Bxf1 21. Rxf1 Nb5 22. Bxg7 Kxg7 23. N1e2 Kg8 24. Rfh1 g5 25. Nf5 Qd8 26. h6
f6 27. Ng7 Rf7 28. Ne6 Qb6 29. Rc1 Qf2 30. Qd3 Rfb7 31. Ka1 b3 32. axb3 Na3 33.
f4 a4 34. Rf3 Qb6 35. b4 Qxb4 36. Qxa3 Qxe4 37. Qd3 Qb4 38. Qc3 Qb5 39. f5 Qxe2
40. Re3 Qb5 41. Qd2 Qxb2+ {(=)} 42. Qxb2 Rxb2 43. Rec3 R2b3 44. Rxb3 axb3 45.
Kb2 Kf7 46. Ra1 Rb7 47. Nd8+ 1-0

[Event "?"]
[Site "?"]
[Date "2020.01.02"]
[Round "1.8"]
[White "Osmanodja, Filiz"]
[Black "Schitco, Ivan"]
[Result "0-1"]
[WhiteElo "2203"]
[BlackElo "2467"]
[PlyCount "76"]
[EventDate "2020.??.??"]
[WhiteTeam "USV TU Dresden"]
[BlackTeam "Stuttgarter SF"]

1. e4 e5 2. Nf3 Nc6 3. Bb5 a6 4. Ba4 Nf6 5. Nc3 b5 6. Bb3 Be7 7. d3 d6 8. Nd5
Na5 9. Nxe7 Qxe7 10. Bg5 h6 11. Bh4 g5 12. Bg3 Nxb3 13. axb3 Nh5 14. d4 Nf4 15.
Bxf4 exf4 16. Qd3 f5 17. e5 g4 18. O-O-O gxf3 19. Qxf3 d5 20. Qxd5 Rb8 21. Qc6+
Kf7 22. d5 Bb7 23. e6+ Kg6 24. Qc3 Rhd8 25. Qf3 Rd6 26. g4 Qxe6 27. Qxf4 Qf7
28. gxf5+ Kh7 29. Rhg1 Rg8 30. c4 Rxg1 31. Rxg1 Bc8 32. c5 Rxd5 33. Rg6 Rxc5+
34. Kd2 Qd5+ 35. Ke1 Qe5+ 36. Qxe5 Rxe5+ 37. Kd2 Rxf5 38. Rg2 Bb7 0-1

[Event "?"]
[Site "?"]
[Date "2020.01.02"]
[Round "1.9"]
[White "Vogel, Roven"]
[Black "Poysti, Nathanael"]
[Result "1-0"]
[WhiteElo "2465"]
[BlackElo "2203"]
[PlyCount "75"]
[EventDate "2020.??.??"]
[WhiteTeam "USV TU Dresden"]

1. Nf3 c5 2. b3 Nc6 3. Bb2 d5 4. e3 a6 5. d4 e6 6. Nbd2 Nf6 7. a3 cxd4 8. exd4
b5 9. Bd3 Bd6 10. O-O O-O 11. Ne5 Bb7 12. Re1 Qb6 13. Ndf3 a5 14. c3 Ne7 15.
Ng5 h6 16. Nexf7 Rxf7 17. Nxf7 Kxf7 18. Qe2 Bc7 19. Bxb5 Ng6 20. a4 e5 21. c4
e4 22. Rac1 Qd6 23. g3 Nh4 24. c5 Qe6 25. gxh4 Qh3 26. f3 exf3 27. Qe7+ Kg6 28.
Rc2 Bg3 29. hxg3 Qxg3+ 30. Kh1 f2 31. Rxf2 Qxf2 32. Rg1+ Kh5 33. Be2+ Kxh4 34.
Qxg7 Qf4 35. Bc3 Rg8 36. Be1+ Kh3 37. Qxh6+ Qxh6 38. Bf1+ 1-0

[Event "?"]
[Site "?"]
[Date "2020.01.02"]
[Round "1.10"]
[White "Gheng, Josef"]
[Black "Krassowizkij, Jaroslaw"]
[Result "1/2-1/2"]
[WhiteElo "2201"]
[BlackElo "2462"]
[PlyCount "153"]
[EventDate "2020.??.??"]
[WhiteTeam "SK Wernau"]
[BlackTeam "TSV Schönaich"]

1. e4 e6 2. d4 d5 3. Nd2 Nf6 4. e5 Nfd7 5. Bd3 c5 6. c3 b5 7. Bxb5 Qb6 8. Qa4
a6 9. Be2 Nc6 10. Ngf3 cxd4 11. cxd4 Be7 12. O-O g5 13. Nb3 g4 14. Ne1 Qc7 15.
Bd2 Nb6 16. Ba5 Bd7 17. Rc1 Ra7 18. Bxb6 Qxb6 19. Nc5 Bxc5 20. Rxc5 Qxb2 21.
Qc2 Qxc2 22. Nxc2 Ke7 23. Bxg4 Rb8 24. a3 Rb2 25. Rd1 Rab7 26. h3 Ra2 27. Be2
Nb8 28. Bd3 h6 29. Rc3 a5 30. f4 Ba4 31. f5 exf5 32. Bxf5 Nc6 33. Ne3 Bxd1 34.
Nxd5+ Kf8 35. Rxc6 Kg7 36. Rc8 Rbb2 37. Be4 h5 38. Nf6 Bc2 39. Nxh5+ Kh6 40.
Rh8+ Kg5 41. h4+ Kxh4 42. Nf6+ Kg5 43. Rg8+ Kf4 44. Rg4+ Ke3 45. Bd5 Ra1+ 46.
Kh2 Bg6 47. Bc4 Bf5 48. Nd5+ Kd2 49. Rf4 Bc2 50. Rf2+ Kc1 51. Rxf7 Rxa3 52.
Rf1+ Kd2 53. Rf2+ Kc1 54. e6 Ba4 55. Rf1+ Kd2 56. e7 Rb8 57. Rf8 Re8 58. Rxe8
Bxe8 59. Nf6 Re3 60. Nxe8 Rxe7 61. Bb5 Kc3 62. d5 Kb4 63. Bc6 a4 64. d6 Rh7+
65. Kg3 a3 66. Bd5 Kc5 67. Ba2 Kc6 68. Kf4 Rh2 69. Ke5 Rxg2 70. Bd5+ Kd7 71.
Nf6+ Kd8 72. Bxg2 a2 73. Bd5 a1=Q+ 74. Kf5 Qf1+ 75. Ke5 Qe2+ 76. Ne4 Qh5+ 77.
Ke6 1/2-1/2

[Event "?"]
[Site "?"]
[Date "2020.01.02"]
[Round "1.11"]
[White "Buckels, Valentin"]
[Black "Namyslo, Holger"]
[Result "1-0"]
[WhiteElo "2459"]
[BlackElo "2198"]
[PlyCount "123"]
[EventDate "2020.??.??"]
[WhiteTeam "SV Mülheim-Nord"]
[BlackTeam "TG Biberach"]

1. d4 d5 2. c4 e6 3. Nf3 Nf6 4. g3 Be7 5. Bg2 O-O 6. Nc3 dxc4 7. Ne5 c5 8. dxc5
Qxd1+ 9. Nxd1 Bxc5 10. Nc3 Nc6 11. Nxc4 Bd7 12. O-O h6 13. Rd1 Rfd8 14. Bf4 Be8
15. Bc7 Rd7 16. Rxd7 Bxd7 17. Rd1 Rc8 18. Bd6 Bxd6 19. Nxd6 Rb8 20. Nce4 e5 21.
Nxf7 Nxe4 22. Bxe4 Be6 23. Bxc6 Kxf7 24. Be4 Rc8 25. a3 b6 26. f3 Ke7 27. Kf2
Rc5 28. Rd2 Bb3 29. Bf5 Rc7 30. g4 a5 31. Rd3 Bc2 32. Rd5 Bxf5 33. gxf5 Kf6 34.
Rd6+ Kxf5 35. Rxb6 Rc5 36. Ke3 h5 37. h4 Rc4 38. Rb5 Ra4 39. Kf2 Rxh4 40. Kg3
Ra4 41. e4+ Kf6 42. Kh4 Rc4 43. Kxh5 g6+ 44. Kg4 Rc2 45. Rb6+ Kf7 46. b3 Rb2
47. a4 Rg2+ 48. Kh3 Rb2 49. Kg3 Kg7 50. Re6 Rxb3 51. Rxe5 Ra3 52. Rxa5 Kf6 53.
Kf4 Ra1 54. Ra6+ Kf7 55. Ke5 g5 56. Kf5 Ra3 57. Ra7+ Ke8 58. Kg4 Kf8 59. a5 Kg8
60. a6 Ra5 61. e5 Rxe5 62. Rb7 1-0

[Event "?"]
[Site "?"]
[Date "2020.01.02"]
[Round "1.12"]
[White "Mink, Jens"]
[Black "Perske, Thore"]
[Result "0-1"]
[WhiteElo "2195"]
[BlackElo "2440"]
[PlyCount "56"]
[EventDate "2020.??.??"]
[WhiteTeam "SK Altrip"]
[BlackTeam "SF 1903 Berlin"]

1. Nc3 e6 2. f4 d5 3. Nf3 c5 4. e4 Nf6 5. e5 Nfd7 6. g3 Nc6 7. Bh3 c4 8. b3 Nc5
9. bxc4 d4 10. Nb5 a6 11. Nd6+ Bxd6 12. exd6 Qxd6 13. d3 b5 14. O-O Bb7 15. Ng5
h6 16. Ne4 Nxe4 17. dxe4 bxc4 18. Rb1 Rb8 19. Qf3 a5 20. Rxb7 Rxb7 21. e5 Qd5
22. Qf2 Qc5 23. Bg2 O-O 24. f5 exf5 25. Qxf5 Rb6 26. Bf4 Ne7 27. Qe4 Ng6 28.
Bd2 Qxe5 0-1

[Event "?"]
[Site "?"]
[Date "2020.01.02"]
[Round "1.13"]
[White "Rosner, Jonas"]
[Black "Weiss, Andreas"]
[Result "0-1"]
[WhiteElo "2428"]
[BlackElo "2193"]
[PlyCount "80"]
[EventDate "2020.??.??"]
[WhiteTeam "SK Ettlingen"]
[BlackTeam "SG Schwäbisch Gmünd"]

1. d4 Nf6 2. Nf3 e6 3. g3 b6 4. Bg2 Bb7 5. O-O c5 6. dxc5 bxc5 7. c4 Be7 8. Nc3
d6 9. Bf4 O-O 10. Qb3 Qc8 11. Rfd1 Rd8 12. Rd2 h6 13. Rad1 e5 14. Be3 Nc6 15.
Ne1 Rb8 16. Qc2 Nd4 17. Qc1 Bxg2 18. Nxg2 d5 19. cxd5 Nxd5 20. Nxd5 Rxd5 21.
Qc4 Rd8 22. Rc1 Rb4 23. Qc3 Qa6 24. a3 Rb3 25. Qc4 Qxc4 26. Rxc4 Rdb8 27. Bxd4
cxd4 28. Rc7 Rxb2 29. Rxb2 Rxb2 30. f4 Bxa3 31. fxe5 Rxe2 32. Rxa7 Bc5 33. Ra8+
Kh7 34. Nf4 d3+ 35. Kf1 Rf2+ 36. Ke1 d2+ 37. Kd1 Be3 38. Rd8 Rf1+ 39. Ke2 Re1+
40. Kf3 Bxf4 0-1

[Event "?"]
[Site "?"]
[Date "2020.01.02"]
[Round "1.14"]
[White "Andre, Wolfgang"]
[Black "Pap, Misa"]
[Result "0-1"]
[WhiteElo "2191"]
[BlackElo "2427"]
[PlyCount "78"]
[EventDate "2020.??.??"]
[WhiteTeam "SV Hellern"]
[BlackTeam "SF Augsburg"]

1. e4 c5 2. Nf3 Nc6 3. Nc3 g6 4. d4 cxd4 5. Nxd4 Bg7 6. Be3 Nf6 7. Bc4 O-O 8.
Bb3 d6 9. h3 Na5 10. O-O b6 11. Re1 Nxb3 12. axb3 Bb7 13. Qd3 a6 14. Rad1 Qc7
15. Bg5 e6 16. Qd2 b5 17. Bh6 b4 18. Bxg7 Kxg7 19. Na4 Bxe4 20. Qxb4 e5 21. Ne2
Rfd8 22. Ng3 Bc6 23. Qd2 h6 24. Nc3 d5 25. Nce2 Qb6 26. Nc1 Re8 27. Nd3 Qc7 28.
Qc3 d4 29. Qc5 Nd7 30. Qc4 Qb7 31. f3 Bb5 32. Qb4 a5 33. Qa3 f5 34. Qd6 Ra6 35.
Nc5 Nxc5 36. Qxc5 Rc6 37. Qa3 Qb6 38. Kh2 Qc7 39. Rd2 e4 0-1

[Event "?"]
[Site "?"]
[Date "2020.01.02"]
[Round "1.15"]
[White "Velicka, Petr"]
[Black "Nehyba, Martin"]
[Result "1/2-1/2"]
[WhiteElo "2424"]
[BlackElo "2189"]
[PlyCount "54"]
[EventDate "2020.??.??"]
[WhiteTeam "SG Schwäbisch Gmünd"]

1. e4 c5 2. Nf3 Nc6 3. Bb5 e6 4. b3 Nf6 5. e5 Nd5 6. Bb2 Qc7 7. O-O Be7 8. Re1
O-O 9. Bf1 f6 10. c4 Nf4 11. exf6 Bxf6 12. Bxf6 Rxf6 13. d4 cxd4 14. Nxd4 Qb6
15. Nf3 Qc5 16. Nc3 Qh5 17. Ne4 Rg6 18. Ng3 Qc5 19. Qd2 Qf8 20. Rad1 d5 21. Ne5
Nxe5 22. Rxe5 Bd7 23. cxd5 exd5 24. Rde1 Rd8 25. Qa5 a6 26. Qc7 b5 27. Re7 Bc6
1/2-1/2

[Event "?"]
[Site "?"]
[Date "2020.01.02"]
[Round "1.16"]
[White "Farmani Anosheh, Yasha"]
[Black "Lagunow, Raphael"]
[Result "0-1"]
[WhiteElo "2187"]
[BlackElo "2422"]
[PlyCount "108"]
[EventDate "2020.??.??"]
[WhiteTeam "SK Ladenburg"]
[BlackTeam "SK Zehlendorf"]

1. d4 d5 2. c4 e6 3. Nf3 Nf6 4. g3 dxc4 5. Bg2 Bb4+ 6. Bd2 a5 7. O-O O-O 8. Qc2
Bxd2 9. Nbxd2 b5 10. a4 c6 11. b3 cxb3 12. Nxb3 Ba6 13. Rfc1 bxa4 14. Rxa4 Bb5
15. Ra2 Nbd7 16. e3 Qb6 17. Nfd2 a4 18. Nc5 Nxc5 19. Qxc5 Qxc5 20. Rxc5 Ra6 21.
Nb1 Nd5 22. Na3 Nb4 23. Ra1 Bd3 24. Rac1 h6 25. R1c3 Rc8 26. Bf1 Bxf1 27. Kxf1
Kf8 28. e4 Ke7 29. Ke2 Rb8 30. Rc1 Ra7 31. h4 Rd7 32. R1c4 Ra7 33. Rc1 g6 34.
f4 f5 35. exf5 gxf5 36. Nc4 a3 37. Ra5 Rxa5 38. Nxa5 Ra8 39. Nb3 a2 40. Na1 Kd6
41. Kd2 Ra3 42. Rc3 Rxc3 43. Kxc3 Nd5+ 44. Kb2 Ne3 45. Kxa2 Kd5 46. Kb2 Nf1 47.
Kc3 Ke4 48. Nb3 Nxg3 49. Nc5+ Kxf4 50. Kd3 Kf3 51. Nxe6 f4 52. Nd8 Kg2 53. Nxc6
f3 54. Ne5 f2 0-1

[Event "?"]
[Site "?"]
[Date "2020.01.02"]
[Round "1.17"]
[White "Zwirs, Nico"]
[Black "Bluhm, Sonja Maria"]
[Result "1/2-1/2"]
[WhiteElo "2418"]
[BlackElo "2183"]
[PlyCount "93"]
[EventDate "2020.??.??"]
[WhiteTeam "SV Mülheim-Nord"]
[BlackTeam "SV Hofheim"]

1. c4 e5 2. Nc3 Nf6 3. Nf3 Nc6 4. e3 Be7 5. a3 a5 6. b3 O-O 7. Bb2 Re8 8. Qc2
Bf8 9. Nd5 d6 10. Bd3 g6 11. Nxf6+ Qxf6 12. Be4 Bg7 13. O-O Qe7 14. Rac1 Nd8
15. c5 c6 16. cxd6 Qxd6 17. d4 exd4 18. Nxd4 Ne6 19. Nxe6 Qxe6 20. Bxg7 Kxg7
21. Bd3 Qe5 22. Rce1 Be6 23. f4 Qd5 24. f5 gxf5 25. Bxf5 Qxb3 26. Qe2 Bxf5 27.
Rxf5 Re6 28. Qf2 Rg6 29. Rf1 Rf8 30. h4 Kg8 31. h5 Rg7 32. Rxa5 Re8 33. Rf5
Qxe3 34. Qxe3 Rxe3 35. h6 Rg6 36. Rxf7 Rxh6 37. Rxb7 Rxa3 38. Rd1 Ra8 39. Rc7
Rg6 40. Rdd7 Rb8 41. Kh2 Rh6+ 42. Kg3 Rg6+ 43. Kf2 Rf8+ 44. Kg1 Rb8 45. Kh2
Rh6+ 46. Kg3 Rg6+ 47. Kh2 1/2-1/2

[Event "?"]
[Site "?"]
[Date "2020.01.02"]
[Round "1.18"]
[White "Yi, Danny"]
[Black "Skembris, Spyridon"]
[Result "1/2-1/2"]
[WhiteElo "2182"]
[BlackElo "2415"]
[PlyCount "77"]
[EventDate "2020.??.??"]
[WhiteTeam "SF Kornwestheim"]
[BlackTeam "SC Grunbach"]

1. e4 c5 2. Nf3 Nc6 3. d4 cxd4 4. Nxd4 g6 5. c4 Bg7 6. Nc2 d6 7. Be2 Qb6 8. Nc3
Bxc3+ 9. bxc3 Nf6 10. f3 Be6 11. Ne3 Rc8 12. O-O Ne5 13. Qa4+ Nfd7 14. Kh1 Qa6
15. Qxa6 bxa6 16. Rb1 Nb6 17. Nd5 Nexc4 18. Bxc4 Rxc4 19. Nxb6 axb6 20. Rxb6
Bc8 21. Rb4 Rc6 22. Bd2 f6 23. Rfb1 Kf7 24. Kg1 Rd8 25. Be1 Rd7 26. Kf2 Rdc7
27. Ke3 Rc5 28. Ra4 f5 29. exf5 gxf5 30. Bd2 R7c6 31. Rb8 h5 32. Ke2 Be6 33.
Rh8 Bc4+ 34. Kd1 Rb5 35. Rxh5 e6 36. Rh7+ Kg6 37. Rh4 d5 38. g4 fxg4 39. Rxg4+
1/2-1/2

[Event "?"]
[Site "?"]
[Date "2020.01.02"]
[Round "1.19"]
[White "Roseneck, Jonas"]
[Black "Post, Hugo"]
[Result "1-0"]
[WhiteElo "2413"]
[BlackElo "2181"]
[PlyCount "65"]
[EventDate "2020.??.??"]
[WhiteTeam "SG Aufbau Elbe Magdeburg"]
[BlackTeam "Reideburger SV"]

1. e4 c5 2. Nf3 d6 3. d4 cxd4 4. Nxd4 Nf6 5. Nc3 e6 6. Be3 a6 7. f3 b5 8. Qd2
Nbd7 9. g4 Nb6 10. a4 b4 11. Na2 d5 12. a5 dxe4 13. axb6 exf3 14. Nxf3 Bb7 15.
Bg2 Nxg4 16. Bd4 e5 17. Nxe5 Qh4+ 18. Kf1 Rd8 19. Nxg4 Qxg4 20. Re1+ Be7 21.
Rxe7+ Kxe7 22. Qe3+ Kf8 23. Bc5+ Kg8 24. Bxb7 Rd1+ 25. Kf2 Qf5+ 26. Bf3 Qxc2+
27. Kg3 Qg6+ 28. Kh3 Rd8 29. Rg1 Qf5+ 30. Bg4 Qg6 31. Rd1 Rb8 32. Qe5 h5 33.
Bf5 1-0

[Event "?"]
[Site "?"]
[Date "2020.01.02"]
[Round "1.20"]
[White "Pfatteicher, Lukas"]
[Black "Baskin, Robert"]
[Result "1/2-1/2"]
[WhiteElo "2179"]
[BlackElo "2406"]
[PlyCount "81"]
[EventDate "2020.??.??"]
[WhiteTeam "Karlsruher SF"]
[BlackTeam "Wiesbadener SV"]

1. d4 Nf6 2. c4 e6 3. Nc3 Bb4 4. f3 c5 5. d5 d6 6. e4 b5 7. Bf4 e5 8. Be3 Bxc3+
9. bxc3 bxc4 10. Bxc4 O-O 11. Ne2 Ne8 12. g4 g6 13. Ng3 f5 14. gxf5 gxf5 15.
exf5 Qh4 16. Bd3 Bxf5 17. Bxf5 Rxf5 18. O-O Rf7 19. Qd2 Nd7 20. Bg5 Qh3 21.
Rae1 Ng7 22. Re4 Nf5 23. Rg4 Nxg3 24. Rxg3 Qh5 25. Bf6+ Kf8 26. Rg5 Qh3 27. Rg3
Qf5 28. Qh6+ Ke8 29. Bh4 Nf6 30. Bxf6 Rxf6 31. Rg8+ Ke7 32. Rg7+ Rf7 33. Qh4+
Kf8 34. Rg5 Qf6 35. Qg4 Ke7 36. Rb1 Raf8 37. h4 Kd8 38. Qa4 Rc7 39. Qg4 Rcf7
40. Qa4 Rc7 41. Qg4 1/2-1/2

[Event "?"]
[Site "?"]
[Date "2020.01.02"]
[Round "1.21"]
[White "Nguyen, Alex Dac-Vuong"]
[Black "Walter, Andreas"]
[Result "1/2-1/2"]
[WhiteElo "2401"]
[BlackElo "2178"]
[PlyCount "106"]
[EventDate "2020.??.??"]
[WhiteTeam "SG Leipzig"]
[BlackTeam "SV Mülheim-Nord"]

1. e4 e5 2. Nf3 Nc6 3. Bb5 Nf6 4. O-O Nxe4 5. d4 Nd6 6. Bxc6 dxc6 7. dxe5 Nf5
8. Qxd8+ Kxd8 9. h3 Bd7 10. Nc3 b6 11. b3 Kc8 12. Bb2 h5 13. Rad1 Be7 14. Ne4
c5 15. Nc3 Be6 16. Nd5 Bd8 17. Nf4 g5 18. Nxe6 fxe6 19. g4 hxg4 20. hxg4 Nh6
21. Nh2 Rh7 22. Rd3 Be7 23. Kg2 Kb7 24. Rh3 Rah8 25. Rh1 Nf7 26. Nf3 Rxh3 27.
Rxh3 Rxh3 28. Kxh3 Kc6 29. a4 Kd7 30. Kg3 Ke8 31. Ng1 Nh8 32. Nh3 Kf7 33. Kf3
Ng6 34. Ke4 Nf8 35. Bc1 Kg6 36. Bd2 Bd8 37. f4 gxf4 38. Nxf4+ Kf7 39. Nh3 Kg6
40. g5 Kf7 41. Kf3 Ng6 42. Bf4 Be7 43. Nf2 Bf8 44. Ne4 Bg7 45. Nf6 Bh8 46. Kg4
Bg7 47. Bg3 Bf8 48. Kh5 Bg7 49. Ng4 Ne7 50. Nh6+ Kf8 51. g6 Bxh6 52. Kxh6 Kg8
53. Bf4 Nf5+ 1/2-1/2

[Event "?"]
[Site "?"]
[Date "2020.01.02"]
[Round "1.22"]
[White "Lesny, Florian"]
[Black "Hess, Max"]
[Result "1-0"]
[WhiteElo "2170"]
[BlackElo "2388"]
[PlyCount "69"]
[EventDate "2020.??.??"]
[WhiteTeam "SK Niederbrechen"]
[BlackTeam "SC Garching"]

{[%evp 0,69,20,15,100,65,70,62,61,36,40,38,84,56,78,76,91,81,76,58,73,37,68,13,
18,11,9,9,17,17,23,22,22,17,28,22,63,17,17,8,14,6,73,32,66,32,116,150,148,163,
141,133,247,214,216,226,226,220,215,213,206,220,212,205,247,262,371,311,458,
477,490,489]} 1. e4 c5 2. Nf3 e6 3. d4 cxd4 4. Nxd4 Nc6 5. Nc3 Qc7 6. Be2 Nf6
7. O-O Be7 8. Be3 O-O 9. f4 d6 10. Kh1 Rd8 11. Qe1 Nxd4 12. Bxd4 e5 13. Be3 b6
14. Rd1 Bb7 15. Bf3 Rac8 16. Qg3 Kh8 17. Rf2 Qc4 18. fxe5 dxe5 19. Qxe5 Rxd1+
20. Bxd1 Re8 21. Be2 Qb4 22. Qb5 Rd8 23. Qxb4 Bxb4 24. e5 Bxc3 25. bxc3 Nd7 {
(=)} 26. Rxf7 Bd5 27. Re7 Bxa2 28. Bd4 Kg8 29. Bb5 Nc5 30. Rxa7 Bd5 31. Kg1 Ne6
32. Bxb6 Rf8 33. Rd7 Nf4 34. Rxd5 Nxd5 35. Bc4 1-0

[Event "?"]
[Site "?"]
[Date "2020.01.02"]
[Round "1.23"]
[White "Gschnitzer, Adrian"]
[Black "Kuipers, Dustin"]
[Result "1/2-1/2"]
[WhiteElo "2388"]
[BlackElo "2164"]
[PlyCount "64"]
[EventDate "2020.??.??"]
[WhiteTeam "SV Walldorf"]
[BlackTeam "SV Mülheim-Nord"]

1. e4 c6 2. d4 d5 3. e5 Bf5 4. Nf3 e6 5. Be2 Bg6 6. O-O Nh6 7. Re1 Be7 8. Bxh6
gxh6 9. b3 O-O 10. Qd2 Kg7 11. c4 a5 12. Nc3 Nd7 13. Bd3 Ba3 14. Re3 b6 15. Ne2
Qe7 16. Nf4 a4 17. h4 axb3 18. axb3 Bb4 19. Qc1 h5 20. Kh2 c5 21. Rxa8 Rxa8 22.
cxd5 cxd4 23. Nxd4 Qxh4+ 24. Rh3 Qxf2 25. Nxh5+ Kh8 26. Bxg6 Nxe5 27. Bb1 Ng4+
28. Kh1 Qxd4 29. Qc2 Nf2+ 30. Kh2 Ng4+ 31. Kh1 Nf2+ 32. Kh2 Ng4+ 1/2-1/2

[Event "?"]
[Site "?"]
[Date "2020.01.02"]
[Round "1.24"]
[White "Henrich, Thomas"]
[Black "Lanka, Zigurds"]
[Result "0-1"]
[WhiteElo "2161"]
[BlackElo "2377"]
[PlyCount "134"]
[EventDate "2020.??.??"]
[WhiteTeam "SK Marburg"]
[BlackTeam "SC Viernheim"]

{[%evp 0,110,20,15,47,38,82,76,93,84,84,84,81,63,61,41,51,13,9,7,14,-9,-1,-65,
-36,-35,-3,-10,6,9,2,-4,12,-19,28,26,-20,-20,-20,-20,-20,7,7,-25,-28,-98,-73,
-97,-32,-31,-6,-31,56,27,31,-84,-56,-74,-49,-86,16,0,9,2,0,0,-17,0,0,0,28,36,
56,42,42,54,73,93,84,87,99,99,105,105,105,105,112,118,126,78,100,98,111,109,
118,125,133,117,117,124,124,33,8,-13,-13,-180,-180,-237,-241,-241,-267,-273,
-273]} 1. e4 c5 2. Nf3 a6 3. Nc3 e6 4. d4 cxd4 5. Nxd4 Qc7 6. Bd3 Nf6 7. Qe2
Bd6 8. Bd2 Nc6 9. Nxc6 dxc6 10. g3 e5 11. f4 Bg4 12. Qf2 Bd7 13. O-O-O b5 14.
h3 O-O 15. Be3 Rfe8 16. Bb6 Qb8 17. f5 b4 18. Nb1 c5 19. Bxc5 Bxc5 20. Qxc5 Rc8
21. Qe3 b3 22. a3 bxc2 23. Bxc2 Qb7 24. Nc3 Bc6 25. Rhe1 Qe7 26. Rd2 Rab8 27.
Nd5 Bxd5 28. exd5 Qb7 29. b3 Nxd5 30. Qxe5 Nf6 31. Re3 Qh1+ 32. Kb2 h6 33. g4
Rb5 34. Qd6 a5 35. Rd1 Qb7 36. Re7 Qg2 37. Rc7 Re8 38. Qc6 Qe2 {(=)} 39. Qc4
Qxc4 40. Rxc4 Rbe5 41. Rcd4 Kf8 42. b4 axb4 43. axb4 Ke7 44. Rc4 Rb8 45. Bb3
Re2+ 46. Kc1 Rb7 47. Rd3 Nd7 48. Kd1 Rh2 49. Re4+ Kf6 50. Rd2 Rxh3 51. Rd6+ Kg5
52. Bxf7 Nf6 53. Rxf6 gxf6 54. Be8 Rh2 55. Kc1 Ra7 56. Kb1 Raa2 57. Rc4 Rab2+
58. Kc1 Ra2 59. Kb1 Rhb2+ 60. Kc1 Rg2 61. Kb1 Rab2+ 62. Kc1 Rbe2 63. Ba4 Ra2
64. Bc2 Rxg4 65. Rxg4+ Kxg4 66. b5 Kf4 67. Kd2 Rb2 0-1